Artists by Pictures of Artwork 5 - Statistics

General Stats
  • This quiz has been taken 109 times
  • The average score is 3 of 20
Answer Stats
Picture Answer % Correct
Jean-Honore-Fragonard
51%
Norman Rockwell
51%
John Everett Millais
34%
Paul Klee
30%
Robert Delaunay
23%
William Holman Hunt
18%
John William Waterhouse
16%
William Morris
16%
Cy Twombly
14%
Édouard Vuillard
13%
Paul Sérusier
13%
Rachel Ruysch
11%
Suzanne Valadon
11%
Henri-Edmond Cross
9%
Joseph Stella
8%
Jean Metzinger
6%
Kiki Smith
6%
Maurice Denis
6%
Peirre Bonnard
6%
Charles Angrand
5%
No matching quizzes found
Score Distribution
Percent of People with Each Score
Percentile by Number Answered
Your Score History
You have not taken this quiz